LDR 01002naa#a2200169#i#450# 001 RU\\bibl\19419 005 20260516102343.6 100 ## _a20260515b2026####ek#y0rusy0150####ca 102 ## _aRU 200 1# _aИЗМЕНЕНИЕ МЕТИЛЬНОГО СТАТУСА ПРОМОТОРА ГЕНА PDH-E1 ПИРУВАТДЕГИДРОГЕНАЗЫ В ЛИСТЬЯХ КУКУРУЗЫ ПРИ ЗАСОЛЕНИИ _eСтатья/тезисы конференции 210 1# _aВоронеж _cВоронежский государственный лесотехнический университет имени Г.Ф. Морозова _d2026 215 ## _a7 с. 608 ## _aСтатья/тезисы конференции _2local 675 ## _aДинамическая биохимия. Обмем биополимеров и других биологически важных соединений. 577.12 _z 700 #1 _aГомрани _gСаид Джамел-эддине 700 #1 _aФедорин _gД. Н. 856 4# _abibl.vgltu.ru _u